|
|
|
|
| LEADER |
00931cam a2200217 7i4500 |
| 001 |
0000028217 |
| 005 |
20121227090000.0 |
| 020 |
0 |
0 |
|a 9678914948
|
| 090 |
0 |
0 |
|a M 344.5950465
|b AKT
|
| 245 |
0 |
0 |
|a Akta Keselamatan dan Kesihatan Pekerjaan 1994 (Akta 514) :
|b (Hingga 5hb Januari 2012).
|
| 260 |
0 |
0 |
|a Petaling Jaya. Selangor:
|b International Law Book Services,
|c 2012.
|
| 300 |
# |
# |
|a 211 p.
|
| 440 |
0 |
0 |
|a Undang - undang Malaysia
|
| 500 |
0 |
0 |
|a Peraturan-peraturan dan perintah-perintah
|
| 650 |
0 |
0 |
|a Industrial safety --
|x Law and legislation --
|z Malaysia
|
| 650 |
0 |
0 |
|a Industrial hygiene --
|x Law and legislation --
|z Malaysia
|
| 650 |
0 |
0 |
|a Akta Keselamatan dan Kesihatan Pekerjaan 1994 (Akta 514) --
|z Malaysia
|
| 651 |
0 |
0 |
|a Malaysia
|
| 999 |
|
|
|a B000031643
|b Book
|c Malaysia
|e Business Information Centre
|
| 999 |
|
|
|a B000031642
|b Book
|c Malaysia
|e Business Information Centre
|
| 999 |
|
|
|a B000031641
|b Book
|c Malaysia
|e Business Information Centre
|